[Event "It (open)"]
[Site "masterchessopen.com Santo-Domingo (Dominicana)"]
[Round "10"]
[White "Zapata Alonso (COL)"]
[Black "Kiriakov Petr (RUS)"]
[Result "0-1"]
[WhiteElo "2504"]
[BlackElo "2555"]

{ Zapata Alonso (COL) +7 =4 -1 Kiriakov Petr (RUS) +4 =9 -0 } 1.e4 { 1 }
1...e6 2.d4 d5 3.Nd2 a6 4.Ngf3 c5 5.exd5 exd5 6.dxc5 ( 6.Be2 c4 7.O-O Bd6 8.b3
b5 9.Re1 Ne7 10.Nf1 O-O 11.Ng3 Nbc6 12.c3 Ng6 13.Bf1 Qc7 14.Bd2 Bd7 15.bxc4
bxc4 16.Qc2 f5 17.Be2 f4 18.Nf1 Rab8 19.Bd1 Qa5 20.Ng5 Rf6 21.Rb1 Rb5 22.Bf3
h6 23.Rxb5 Qxb5 24.Nh3 Nce7 25.Kh1 Bf5 { ...0-1, Zapata Alonso 2530 - Nikolic
Predrag 2645 , Wijk aan Zee 1995 It (open) "Hoogovens" } ) 6...Bxc5 7.Nb3 Bb6
{ ?/= } 8.Qe2+ ( 8.Bd3 Qe7+ 9.Qe2 Nc6 10.c3 Bg4 11.O-O Qxe2 12.Bxe2 Nf6 13.Bg5
Ne4 14.Be3 Bxe3 15.fxe3 f6 16.Rfe1 O-O-O 17.Nbd4 Na5 18.Ng5 Bxe2 19.Nxe4 dxe4
20.Rxe2 Rhe8 21.Rf1 Re5 22.h3 Kd7 23.Rf4 Ke7 24.Kf1 Kf7 25.Ke1 Nc4 26.Kd1 h5
27.Kc2 Rc8 { ...1/2-1/2, Mohr Georg 2510 - Nikolic Predrag 2670 , Yerevan 1996
Olympiad } ) ( 8.Bg5 Nf6 9.Qd2 Qe7+ 10.Qe2 Be6 11.O-O-O h6 12.Be3 Qc7 13.Nfd4
O-O 14.f3 a5 15.Nb5 Qd8 16.Nc5 Nbd7 17.Nxb7 Qb8 18.Bxb6 Nxb6 19.Nc5 Bf5 20.Qe3
Rc8 21.Rd2 Bg6 22.Qa3 Qf4 23.Nd4 Qd6 24.Nb7 Qe5 25.Nd6 Rd8 26.N6b5 Rd7 27.Re2
Qb8 { ...1-0, Jaracz Pawel 2516 - Gurevich Mikhail 2649 , Metz 2002 It (open)
} ) 8...Qe7 ( 8...Ne7 9.Be3 ( 9.g3 { } ) 9...Nbc6 10.Bxb6 Qxb6 11.Qe3 Qxe3+
12.fxe3 O-O 13.Bd3 Nf5 14.Bxf5 Bxf5 15.c3 Rae8 16.Kf2 Be4 17.Rad1 f5 18.Nbd4
Na5 19.b3 Rc8 20.Ne2 Nc6 21.Rd2 Rfe8 22.Rc1 Ne5 23.Nxe5 Rxe5 24.Rd4 Rc6 25.Ng3
Kf7 26.Nxe4 fxe4 { 1/2-1/2, Iuldachev Saidali 2516 - Gurevich Mikhail 2649 ,
Gent 2002 It (open) } ) 9.Nfd4 ( 9.Bd2 Nc6 10.Bc3 Nf6 11.Bxf6 gxf6 12.c3 Rg8
13.Qxe7+ Kxe7 14.Nfd4 Nxd4 15.Nxd4 Bxd4 16.cxd4 Bf5 17.f3 Rac8 18.g4 Bg6
19.Rg1 f5 20.gxf5 Bxf5 21.Rxg8 Rxg8 22.Rc1 Kd6 23.Kf2 Rg6 24.h4 Kd7 25.b4 Kd6
26.a3 h6 27.Be2 Rg8 28.a4 Bh3 { ...1/2-1/2, Rozentalis Eduardas 2490 -
Karlsson Lars 2520 , Copenhagen 1988 } ) ( 9.Bg5 Qxe2+ 10.Bxe2 h6 11.Be3 Bxe3
12.fxe3 Nf6 13.Rd1 Nc6 14.Nfd4 Nxd4 15.exd4 Bf5 16.c3 Bc2 17.Rd2 Bxb3 18.axb3
Kd7 19.O-O Rhe8 20.Bf3 Re7 21.Re2 Rae8 22.Rxe7+ Rxe7 23.b4 Kd6 24.Ra1 Ne8
25.Kf2 Nc7 26.Rd1 f5 27.b3 b5 28.g3 g5 { ...1/2-1/2, Van Der Wiel John T H
2555 - Ree Hans 2455 , Rotterdam 1990 It } ) 9...Bg4 10.f3 Bd7 11.Bg5 { N } (
11.Bf4 Nc6 12.O-O-O Qxe2 13.Bxe2 Nge7 14.Nxc6 Bxc6 15.Bd3 O-O 16.Rhe1 Rfe8
17.Be3 Bc7 18.g3 Ng6 19.f4 Nf8 20.Bf5 Nd7 21.Bd4 a5 22.Bc3 a4 23.Nd4 Nc5
24.Bb4 Bd6 25.Nxc6 bxc6 26.Bxc5 Bxc5 27.Bd7 Rxe1 28.Rxe1 a3 29.Bxc6 axb2+
30.Kb1 Rd8 { ...1-0, Adams Michael 2731 - Gurevich Mikhail 2605 , Germany 2001
Bundesliga 2001/02 } ) 11...Qxe2+ 12.Bxe2 { } 12...Nc6 13.O-O-O Nge7 14.Rhe1
Nxd4 15.Nxd4 f6 16.Be3 Bc7 17.f4 { } ( 17.g3 { !? } 17...O-O 18.f4 Rfe8 19.Bf3
{ } ) 17...Kf7 18.Bf3 Rad8 19.g3 h5 20.Bg1 h4 21.Nb3 hxg3 22.hxg3 Bc6 23.Nc5
Bb8 24.Bg4 Bd6 25.Ne6 Rde8 26.Nd4 Rh1 { } ( 26...Ba4 { !? } 27.Be6+ Kf8 28.Bf2
g6 { } ) 27.c3 a5 28.b3 { } ( 28.Be3 { !? } 28...Rxe1 29.Be6+ Kf8 30.Rxe1 { }
) 28...Kg6 29.Kc2 Rd8 { } ( 29...Reh8 { !? } 30.Re6 Ba3 31.Bf3 R1h3 { } )
30.a4 Bd7 31.Ne6 Bxe6 32.Bxe6 Bc7 33.Bc5 Rh2+ 34.Kb1 Bd6 35.Bg1 Rg2 36.Bxd5 {
?! } ( 36.Be3 { !? } 36...Rh8 37.Bxd5 Nxd5 38.Rxd5 { } ) 36...Nxd5 37.Rxd5 Bc7
38.Rxd8 Bxd8 39.Bd4 { ! } ( 39.Bc5 { ? } 39...Rxg3 40.Kc2 Kf7 41.f5 { } )
39...Rxg3 40.Re8 Bc7 41.Re7 Bxf4 42.Rxb7 Kf5 { } ( 42...Rd3 { !? } 43.b4 axb4
44.Rxb4 Bd6 { } ) 43.Kc2 { ? } ( { ? } 43.Rb5+ Ke4 44.Rxa5 g5 45.Ra7 { } )
43...Ke4 { ?! } ( 43...Rg2+ { !? } 44.Kb1 g5 45.b4 axb4 { } ) 44.Re7+ { ! } (
44.Ra7 { ? } 44...Rg2+ 45.Kb1 g5 46.Rxa5 { } ) 44...Kd5 { } ( 44...Be5 { !? }
45.b4 axb4 46.Bxe5 fxe5 { } ) 45.Ra7 { ! } ( 45.Bb6 { ? } 45...Rg2+ 46.Kd1 Be5
47.Bxa5 { } ) 45...Rg2+ 46.Kb1 g5 { ?! } ( 46...Ke4 { !? } 47.Rxa5 Be5 48.Bxe5
fxe5 { } ) 47.Rxa5+ Ke4 48.Bxf6 { ? } ( { ? } 48.Ra8 Be5 49.a5 Bxd4 50.cxd4 {
} ) 48...g4 49.Bd4 { } ( 49.Ra8 { !? } 49...g3 50.Rg8 Re2 51.Bd4 { } ) 49...g3
50.Ra8 Rd2 51.Rg8 g2 52.a5 Kf3 53.a6 { ! } ( 53.Rxg2 { ? } ) 53...Rxd4 54.a7 {
?? } ( { ? } 54.Rxg2 Rd1+ 55.Kc2 Rd6 56.a7 { } ) 54...Rd8 55.Rxd8 g1=Q+ 56.Kb2
Qxa7 57.b4 Ke4 58.Rd4+ Ke5 { } {#R} 0-1

[Event "It (open)"]
[Site "masterchessopen.com Kallithea (Greece)"]
[Date "2004.09.10"]
[Round "2"]
[White "Koukoufikis Ioannis (GRE)"]
[Black "Delithanasis Dimitrios (GRE)"]
[Result "0-1"]
[WhiteElo "1982"]
[BlackElo "2268"]

1.e4 e6 2.d4 d5 3.Nd2 a6 4.exd5 exd5 5.Ngf3 c5 6.dxc5 Bxc5 7.Bd3 Qe7+ 8.Qe2
Nc6 9.c3 Bg4 10.h3 Bh5 11.O-O Qxe2 12.Bxe2 Nf6 13.Nb3 Bb6 14.Re1 O-O 15.Be3
Bxe3 16.fxe3 Rfe8 17.Bd3 Ne5 18.Nxe5 Rxe5 19.g4 Bg6 20.Bxg6 fxg6 21.Nd2 Rae8
22.Kf2 Rf8 23.Ke2 Re7 24.Rf1 Rfe8 25.Rf3 Nd7 26.Raf1 Ne5 27.Rg3 g5 28.Rf5 g6
29.Rf6 Rd8 30.Nf3 Kg7 31.Rb6 Nc4 32.Rb4 Nxe3 33.Kd3 Nf1 34.Rg1 Re3+ 35.Kd4
Rxf3 36.Rxb7+ Kg8 37.Rb6 Rf4+ 38.Ke5 Nd2 39.Ke6 Re4+ 40.Kf6 Nf3 {#R} 0-1

[Event "It (open)"]
[Site "masterchessopen.com St. Helier (Jersey)"]
[Date "2005.02.14"]
[Round "2"]
[White "Howell David WL (ENG)"]
[Black "Eggleston David (ENG)"]
[Result "1-0"]
[WhiteElo "2475"]
[BlackElo "2204"]

1.e4 e6 2.d4 d5 3.Nd2 c5 4.exd5 exd5 5.Ngf3 a6 6.g3 c4 7.Bg2 Bd6 8.O-O Ne7
9.b3 b5 10.Ne5 Ra7 11.c3 O-O 12.a4 Qc7 13.Re1 f6 14.Ng4 cxb3 15.Ne3 Qxc3
16.Nxb3 bxa4 17.Rxa4 Be6 18.Nc5 Bxc5 19.dxc5 d4 20.Rxd4 Qxc5 21.Nf1 Bf7 22.Rd3
Qh5 23.Bf3 Qg6 24.Ba3 Nbc6 25.Bxc6 Nxc6 26.Bxf8 Kxf8 27.Rd8+ Nxd8 28.Qd6+ Kg8
29.Qxd8+ Be8 30.Rxe8+ Kf7 31.Re1 {#r} 1-0

[Event "It (open)"]
[Site "masterchessopen.com Latschach (Austria)"]
[Date "2005.08.14"]
[Round "2"]
[White "Tokmachev Gennady (RUS)"]
[Black "Oberpriller Josef (GER)"]
[Result "1-0"]
[WhiteElo "2282"]
[BlackElo "1980"]

1.e4 e6 2.d4 d5 3.Nd2 c5 4.exd5 exd5 5.Ngf3 a6 6.Be2 Be6 7.O-O Nf6 8.Re1 h6
9.h3 Bd6 10.dxc5 Bxc5 11.Nb3 Be7 12.Nfd4 Bd7 13.Bd3 O-O 14.Qf3 Nc6 15.c3 Nxd4
16.Nxd4 Re8 17.Bf4 Bc6 18.Re2 Bf8 19.Rae1 Rxe2 20.Rxe2 Qa5 21.Bxh6 gxh6
22.Qxf6 Bd7 23.Re3 {#r} 1-0

[Event "It (open)"]
[Site "masterchessopen.com Villa Martelli (Argentina)"]
[Round "8"]
[White "Buttner Natalia (ARG)"]
[Black "Driz Ivan (ARG)"]
[Result "1-0"]
[WhiteElo "2060"]
[BlackElo "1937"]

1.e4 e6 2.d4 d5 3.Nd2 a6 4.Ngf3 c5 5.exd5 exd5 6.dxc5 Bxc5 7.Nb3 Be7 8.c3 Nc6
9.Be2 Nf6 10.O-O Bf5 11.Nbd4 Nxd4 12.Nxd4 Bg6 13.Bg5 O-O 14.Re1 Re8 15.Bf3 Ne4
16.Bxe7 Rxe7 17.Bxe4 Rxe4 18.Qb3 Qe7 19.Rxe4 dxe4 20.Re1 Re8 21.Re3 h6 22.a3
Kh7 23.Qb6 f5 24.Rg3 Qf6 25.Qxf6 gxf6 26.Kf1 b5 27.h4 h5 28.Re3 Kg7 29.g3 Kf7
30.Ke1 Rd8 31.Kd2 Ke7 32.Re1 Kd6 {#r} 1-0

[Event "It (open)"]
[Site "masterchessopen.com Tarragona (Spain)"]
[Date "2006.08.23"]
[Round "5"]
[White "Fedorchuk Sergey A (UKR)"]
[Black "Brynell Stellan (SWE)"]
[Result "1-0"]
[WhiteElo "2599"]
[BlackElo "2502"]

{ Fedorchuk Sergey A (UKR) +0 =0 -1 Brynell Stellan (SWE) +11 =15 -3 } 1.e4 e6
2.d4 d5 3.Nd2 c5 4.Ngf3 a6 5.exd5 exd5 6.dxc5 Bxc5 7.Nb3 Bb6 8.Bg5 { ?/= }
8...Nf6 ( 8...f6 9.Qe2+ Qe7 10.Bd2 Nc6 11.Bc3 Bg4 12.Qxe7+ Ngxe7 13.Nfd4 Nxd4
14.Bxd4 Bxd4 15.Nxd4 Nc6 16.Nxc6 bxc6 17.f3 Bf5 18.O-O-O Kd7 19.c4 Kd6 20.Bd3
Bxd3 21.Rxd3 Rhd8 22.Re1 Rd7 23.cxd5 cxd5 24.Rde3 a5 25.Re6+ Kc5 26.Kc2 Rb7
27.Rc1 Kd4 28.Rc6 { ...1/2-1/2, Heinemann Thies 2489 - Brynell Stellan 2488 ,
Germany 1999 Bundesliga 1998/99 } ) 9.Qe2+ ( 9.Qd2 Qe7+ 10.Qe2 Be6 11.O-O-O h6
12.Be3 Qc7 13.Nfd4 O-O 14.f3 a5 15.Nb5 Qd8 16.Nc5 Nbd7 17.Nxb7 Qb8 18.Bxb6
Nxb6 19.Nc5 Bf5 20.Qe3 Rc8 21.Rd2 Bg6 22.Qa3 Qf4 23.Nd4 Qd6 24.Nb7 Qe5 25.Nd6
Rd8 26.N6b5 Rd7 27.Re2 Qb8 28.g3 Qb7 { ...1-0, Jaracz Pawel 2546 - Gurevich
Mikhail 2634 , Metz 2002 It (open) } ) 9...Be6 10.Nbd4 ( 10.Nfd4 O-O 11.Nxe6
fxe6 12.Qxe6+ Kh8 13.O-O-O Nc6 14.Bd3 Qc7 15.f3 a5 16.Bxf6 a4 17.Bc3 axb3
18.Qh6 Be3+ 19.Qxe3 bxa2 20.Kd2 Qd6 21.Qb6 Qf4+ 22.Qe3 Qd6 23.Qb6 Qf4+ 24.Ke2
Rae8+ 25.Kf1 d4 26.Be1 Qe3 27.Bf2 Rxf3 { 0-1, Sermek Drazen 2577 - Kovacevic
Vlatko 2498 , Solin/Split 2002 It (active) } ) 10...Qe7 11.O-O-O O-O { +0.07
CAP N } ( 11...Nc6 12.Nxc6 bxc6 13.Nd4 Bxd4 14.Rxd4 h6 15.Bh4 g5 16.Bg3 Ne4
17.f3 Nxg3 18.hxg3 Qf6 19.Ra4 O-O 20.Qe3 Kg7 21.g4 Rfe8 22.Qc5 Bd7 23.Bd3 Re5
24.Rd1 a5 25.a3 Qd8 26.Kb1 Qc7 27.Bf1 Be8 28.Rad4 Qb7 29.f4 Qe7 30.Qc3 gxf4
31.Rxf4 { ...1-0, Socko Bartosz 2610 - Kiriakov Petr 2569 , Saint Vincent 23.
9.2005 Cup European Club (final) } ) 12.Nf5 Qc7 13.N3d4 Ne4 14.Be3 Nc6 15.f3
Nc5 16.Qf2 Nxd4 17.Nxd4 Rac8 18.Kb1 Rfe8 19.Qg3 Qxg3 20.hxg3 Bd7 21.Bc1 Rcd8
22.g4 Ne6 23.Nf5 Bc6 24.Bd3 Nc5 25.Bf1 Ne6 26.g5 d4 27.Rh4 Rd5 28.Bd3 Bd8
29.Rg4 g6 30.Nh6+ Kg7 31.f4 f5 32.gxf6+ Bxf6 33.f5 Nf8 34.fxg6 hxg6 35.Nf5+
Kf7 36.Ng3 Rde5 37.Rf1 Bxg2 38.Bc4+ Bd5 39.Rxd4 Bxc4 40.Rxc4 Kg7 41.Rg4 Nd7
42.Nf5+ Kf8 43.Rxg6 Re1 44.Rgg1 Rxf1 45.Rxf1 Re6 46.Rd1 Nc5 47.c3 b5 48.Be3
Na4 49.Kc2 Re5 { ?! } ( 49...Kf7 { !? } 50.Nh6+ Ke8 51.Ng4 Bg7 52.Rd5 Rg6
53.Nf2 Re6 54.Rd3 Ke7 55.a3 Bh6 56.Bxh6 { } ) 50.Rf1 Ke8 51.Bd4 Re2+ 52.Kd3
Re6 53.b3 Bxd4 54.cxd4 Nb2+ 55.Kd2 Rg6 56.Ne3 Rh6 57.Re1 Kd7 58.Kc3 Rh2 59.Nc2
{ } {#r} 1-0

[Event "It (open)"]
[Site "masterchessopen.com Montigny le Bretonneux (France)"]
[Date "2006.12.27"]
[Round "3"]
[White "Hedjazian Navid (FRA)"]
[Black "Legky Nikolay A (UKR)"]
[Result "0-1"]
[WhiteElo "2021"]
[BlackElo "2464"]

1.e4 e6 2.d4 d5 3.Nd2 a6 4.Ngf3 c5 5.exd5 exd5 6.c3 Nf6 7.Bd3 c4 8.Bb1 Bd6
9.O-O Nc6 10.Re1+ Ne7 11.Nf1 h6 12.Ng3 O-O 13.Ne5 Be6 14.Nh5 Nh7 15.Qf3 Ng5
16.Bxg5 hxg5 17.Ng3 g6 18.Qf6 Nc6 19.Qxd8 Nxd8 20.Bc2 Kg7 21.Re3 b5 22.Bd1 f6
23.Ng4 f5 24.Rxe6 Nxe6 25.Ne5 Bxe5 26.dxe5 d4 27.Bf3 Rad8 28.cxd4 Rxd4 29.Nf1
g4 30.Bd1 Rfd8 31.Bc2 Kf7 32.Re1 Nc5 33.f3 gxf3 34.gxf3 Nd3 35.Re2 Ke6 36.b3
Nb4 37.Ne3 Rd2 {#R} 0-1

[Event "It (open)"]
[Site "masterchessopen.com Foxwoods (USA)"]
[Date "2007.04.08"]
[Round "9"]
[White "Bournival Braden (USA)"]
[Black "Sharavdorj Dashzegve (MGL)"]
[Result "0-1"]
[WhiteElo "2301"]
[BlackElo "2448"]

1.e4 e6 2.d4 d5 3.Nd2 c5 4.exd5 exd5 5.Ngf3 a6 6.Qe2+ Be6 7.g3 Nc6 8.dxc5 Bxc5
9.Bg2 Nf6 10.Nb3 Be7 11.Nbd4 Bg4 12.Nxc6 bxc6 13.h3 Bh5 14.g4 Bg6 15.Ne5 Qc7
16.Bf4 Qb7 17.Nxg6 hxg6 18.Bd6 O-O 19.Bxe7 Rfe8 20.O-O-O Rxe7 21.Qd2 Rb8 22.b3
a5 23.a4 Qb6 24.Rhe1 Reb7 25.g5 Nd7 26.Re3 Nf8 27.f4 Qc5 28.Kb2 Rb4 29.Ka2 Qb6
30.Qc1 Rxf4 31.Rf1 Rb4 32.h4 Qd4 33.Re7 Rxa4+ 34.bxa4 Qc4+ {#R} 0-1

[Event "It (open)"]
[Site "masterchessopen.com Stillwater (USA)"]
[Date "2007.07.21"]
[Round "3"]
[White "Langer Michael (USA)"]
[Black "Sukharnikov Leonid O (USA)"]
[Result "1-0"]
[WhiteElo "2320"]
[BlackElo "2101"]

1.e4 e6 2.d4 d5 3.Nd2 c5 4.Ngf3 a6 5.exd5 exd5 6.c3 Nc6 7.dxc5 Bxc5 8.Nb3 Ba7
9.Bd3 h6 10.O-O Nge7 11.Bc2 Bg4 12.h3 Bh5 13.g4 Bg6 14.Bxg6 Nxg6 15.Nbd4 Nge7
16.Bf4 O-O 17.Qd2 g5 18.Bg3 Qd7 19.Rfe1 Bxd4 20.Nxd4 Nxd4 21.Qxd4 f5 22.Qc5
Nc6 23.Bd6 Rf6 24.Qxd5+ Kh7 25.Rad1 Rd8 26.Be7 Qxd5 27.Rxd5 Rxd5 28.Bxf6 fxg4
29.hxg4 Kg6 30.Bh8 Kf7 31.c4 Rd3 32.Re4 Nd8 33.Rd4 Rxd4 34.Bxd4 Ne6 35.Be5 Kg6
36.Kg2 h5 37.gxh5+ Kxh5 38.Kf3 g4+ 39.Ke4 Nc5+ 40.Ke3 Kg5 41.b4 Ne6 42.Ke4 Nd8
43.a4 Nc6 44.b5 axb5 45.axb5 Ne7 46.c5 Nc8 47.Bd6 b6 48.Kd5 Kf5 49.cxb6 Nxb6+
50.Kc5 Na4+ 51.Kc6 Ke4 52.b6 Nxb6 53.Kxb6 Kf3 54.Bg3 Ke4 55.Kc5 Kf5 56.Kd5 Kf6
57.Ke4 {#r} 1-0

[Event "It (open)"]
[Site "masterchessopen.com Tarragona (Spain)"]
[Date "2007.08.22"]
[Round "5"]
[White "Kosten Anthony C (FRA)"]
[Black "Brynell Stellan (SWE)"]
[Result "1-0"]
[WhiteElo "2519"]
[BlackElo "2452"]

{ Kosten Anthony C (FRA) +2 =1 -0 Brynell Stellan (SWE) +11 =15 -4 } 1.e4 e6
2.d4 d5 3.Nd2 c5 4.exd5 exd5 5.Ngf3 a6 ( 5...Nf6 6.Bb5+ Bd7 7.Qe2+ Be7 8.dxc5
O-O 9.Nb3 Re8 10.O-O Bxc5 11.Qd3 Bb6 12.Bxd7 Nbxd7 13.Bf4 Re4 14.Bg3 Qe7
15.Rad1 Re8 16.Nbd4 Nc5 17.Qd2 Qd7 18.c3 Nh5 19.Qg5 Nxg3 20.hxg3 h6 21.Qh5 Rd8
22.Rd2 Ree8 23.Nh4 Ne4 24.Rd3 Kh7 25.Qf5+ { ...0-1, Backelin Rikard 2292 -
Brynell Stellan 2534 , Stockholm 2002 Cup Rilton } ) 6.Be2 Nf6 7.O-O Bd6
8.dxc5 Bxc5 9.Nb3 { ?/= } 9...Bb6 ( 9...Ba7 10.Bg5 O-O 11.c3 Re8 12.Nfd4 Nc6
13.Bf3 Be6 14.Re1 h6 15.Nxc6 bxc6 16.Be3 Qd6 17.Bxa7 Rxa7 18.Qd4 Rb7 19.Rad1
Qb8 20.Re2 Rb5 21.Rdd2 Nd7 22.h3 c5 23.Qh4 Ne5 { 1/2-1/2, Pavasovic Dusko 2535
- Tkachiev Vladislav 2642 , Austria 23. 3.2006 Bundesliga 2005/06 } ) 10.Nfd4
{ +0.07 CAP N } ( 10.Bg5 O-O 11.c3 Re8 12.Qd3 ( 12.Nfd4 h6 13.Be3 Bc7 14.Re1
Nc6 15.Nd2 Ne5 16.h3 Ng6 17.Nf1 Qd6 18.Qb3 Nh4 19.Rad1 b5 20.Nf3 Nf5 21.Qb4
Qxb4 22.cxb4 Nxe3 23.Nxe3 Bb7 24.Nd4 Be5 25.Ng4 Bxd4 26.Rxd4 Nxg4 27.hxg4 Rac8
28.Rd2 Rc4 29.Red1 Rxb4 { ...1/2-1/2, Shen Yang 2459 - Matveeva Svetlana 2454
, Ergun 17. 8.2006 Match "China-Russia" (w) } ) 12...Nc6 13.Rfe1 Bg4 14.Bf1
Qd6 15.Bxf6 Qxf6 16.Qxd5 Bxf3 17.Qxf3 Qxf3 18.gxf3 Ne5 19.Kg2 Re6 20.Re4 Rg6+
21.Kh1 Bxf2 22.Bxa6 f6 23.Re2 Bb6 24.Bxb7 Rxa2 25.Rae1 Ra4 26.Be4 Rh6 27.Nd2
g5 28.Nf1 Rh4 29.Ng3 Kf8 { ...1-0, Larsen Bent 2530 - Karlsson Lars 2510 ,
Espoo 1989 Zt } ) ( 10.c4 O-O 11.c5 Bc7 12.Bg5 Nc6 ( 12...Re8 13.Re1 Nc6
14.Bd3 Bg4 15.Rxe8+ Qxe8 16.Bxf6 gxf6 17.Nbd2 Bh5 18.Nf1 Rd8 19.Ng3 Bg6 20.Qb3
Bxg3 21.hxg3 Qe7 22.Rc1 Kg7 23.Nh4 Ne5 24.Nf5+ Bxf5 25.Bxf5 d4 26.f4 Nc6
27.Kh2 Qe2 28.Bd3 Qe3 29.Rd1 h5 { ...1/2-1/2, Borisek Jure 2518 - Tibensky
Robert 2422 , Szeged 15. 5.2007 Cup Mitropa } ) 13.Re1 Re8 14.Qd2 h6 15.Bh4
Re4 16.Bd3 Bf4 17.Qc3 Rxe1+ 18.Rxe1 Bg4 19.Bb1 Bxf3 20.Qxf3 Be5 21.Qd3 g5
22.Bg3 Bxg3 23.hxg3 Qd7 24.Nd4 Re8 25.Rd1 Re4 26.Qf3 Nxd4 27.Qxf6 Qg4 28.f3
Ne2+ 29.Kf1 Nxg3+ { ...1/2-1/2, Balogh Csaba 2567 - Tkachiev Vladislav 2629 ,
Austria 19.11.2005 Bundesliga 2005/06 } ) ( 10.Qd3 O-O 11.Be3 Bxe3 12.Qxe3 Re8
13.Qd2 ( 13.Qd3 Nc6 14.Rfe1 Qb6 15.c3 Bg4 16.Nfd4 Ne5 17.Qc2 Bd7 18.Nd2 Re7
19.Bf1 Rae8 20.N2f3 Nc4 21.Rxe7 Rxe7 22.b3 Nd6 23.Re1 Rxe1 24.Nxe1 Nfe4 25.f3
Nf6 26.Qd2 h6 27.Nc2 a5 28.Ne3 Qc5 29.Ndc2 Bb5 { ...1/2-1/2, Mkrtchian Lilit
2459 - Matveeva Svetlana 2454 , Krasnoturinsk 26. 7.2006 Cup North Ural (w) }
) 13...Qc7 14.Rfe1 Bf5 15.c3 Nbd7 16.Nbd4 Be4 17.Nh4 h6 18.f3 Bh7 19.Bd3 Bxd3
20.Qxd3 Ne5 21.Qc2 Nc4 22.Nhf5 Re5 23.Rxe5 Qxe5 24.b3 Na3 25.Qe2 Qxe2 {
1/2-1/2, Lane Gary W 2440 - Piskov Yury 2510 , Cappelle la Grande 1994 It } )
( 10.Re1 O-O 11.Bf1 Bg4 12.Be3 Nc6 13.Bxb6 Qxb6 14.Be2 Rfe8 15.Nfd4 Bxe2
16.Rxe2 Rxe2 17.Qxe2 Nxd4 18.Qe3 Nxb3 19.Qxb6 Nxa1 20.c3 Re8 21.g3 h5 22.Qxb7
Re6 23.a4 Nc2 24.Qb3 Ne1 25.Qb8+ Kh7 26.b4 g5 27.Qb7 Kg6 28.f4 g4 29.f5+ Kxf5
{ ...1/2-1/2, Ernst Thomas 2480 - Karlsson Lars 2505 , Sweden 1993 Cup TV } )
( 10.Ne5 O-O 11.Bf3 Nc6 12.Bf4 Re8 13.Nxc6 bxc6 14.c4 Ne4 15.cxd5 cxd5 16.Rc1
a5 17.Nd4 Nxf2 18.Rxf2 Qf6 19.Ne2 Bxf2+ 20.Kxf2 Ba6 21.Kg3 Qg6+ 22.Kf2 Qf6
23.Kg3 Qg6+ 24.Kf2 Qf6 { 1/2-1/2, Eggleston David 2284 - Kaid Almar 2276 ,
England 14. 1.2007 Ch England (team) 2006/07 (2 div) } ) ( 10.c3 O-O 11.Nfd4
Qd6 12.Be3 Bc7 13.g3 Bh3 14.Re1 Nc6 15.Nxc6 Qxc6 16.Bf3 Bb6 17.Bxb6 Qxb6
18.Qd4 Qxd4 19.Nxd4 Rfe8 20.Nc2 Bf5 21.Ne3 Be4 22.Be2 Re6 23.Rad1 Rae8 24.Rd2
g5 25.Bd1 h5 26.Ng2 Kg7 27.h4 Bxg2 28.Rxe6 fxe6 29.Kxg2 gxh4 { ...1/2-1/2,
Mkrtchian Lilit 2429 - Grabuzova Tatiana 2332 , Sochi 27. 4.2005 Ch Russia
(club) (w) } ) ( 10.Bf4 O-O 11.Nfd4 Ne4 12.Re1 Nxf2 13.Kxf2 Qf6 14.Kg3 Qg6+
15.Kf2 Qf6 16.Kg3 Qg6+ 17.Kf2 { 1/2-1/2, Brynell Stellan 2470 - Karlsson,
Sweden 1993 Ch Sweden (team) } ) 10...O-O 11.Be3 Bc7 12.Re1 Re8 13.Bf3 Ne4
14.Ne2 Nc6 15.Nf4 Ne5 16.Qxd5 Nxf3+ 17.gxf3 Ng5 18.Kh1 Bd7 19.Nd4 Re5 20.Qxb7
Rb8 21.Qxa6 Rb6 { ?! } ( 21...Ra5 { !? } 22.Qd3 Rxb2 23.a3 Rb6 24.Bd2 Re5 { }
) 22.Qc4 Rh6 23.Rad1 Qb8 24.Rg1 Ra5 25.Nde2 { ? } ( 25.Qb3 Qa8 26.Rg2 Rh4
27.Bd2 Rxf4 28.Bxa5 Qxa5 29.Ne2 Be6 30.Qe3 Nh3 31.Nxf4 Nxf4 32.Rg3 { } )
25...Nxf3 26.Rg2 Ne5 27.Qe4 Bc6 { ? } ( 27...f5 28.Rxg7+ Kxg7 29.Rxd7+ Nxd7
30.Qe7+ Kh8 31.Qxd7 Be5 32.f3 Qa8 33.Bd4 Kg8 34.c3 Rd6 { } ) 28.Nd5 Re6 { ?! }
( 28...Bxd5 { !? } 29.Rxd5 Rxd5 30.Qxd5 Rd6 31.Qe4 Rd1+ 32.Rg1 Rxg1+ 33.Kxg1
Qxb2 34.Qa8+ Bb8 35.Ba7 { } ) 29.Nef4 Kh8 30.c4 { ?! } ( 30.Nxe6 { !? }
30...fxe6 31.Bh6 gxh6 32.Qf4 Qd8 33.Qg3 Ng6 34.Qxc7 Qxc7 35.Nxc7 Bxg2+ 36.Kxg2
Rxa2 37.Nxe6 { } ) 30...Rxa2 31.Bd4 { ?! } ( 31.Rdg1 { !? } 31...Rg6 32.Nxg6+
Nxg6 33.b4 Ra4 34.Rb1 Bb7 35.b5 Be5 36.Rd1 { } ) 31...Re8 { ? } ( 31...Bxd5
32.cxd5 Re8 33.Nh5 g6 { } ) 32.Nh5 f6 33.Rxg7 { } {#r} 1-0

[Event "It (open)"]
[Site "masterchessopen.com Istanbul (Turkey)"]
[Date "2007.08.30"]
[Round "2"]
[White "Hasanov Shakhriyar (AZE)"]
[Black "Gurevich Mikhail (TUR)"]
[Result "0-1"]
[WhiteElo "2247"]
[BlackElo "2627"]

1.e4 e6 2.d4 d5 3.Nd2 a6 4.Ngf3 c5 5.exd5 exd5 6.dxc5 Bxc5 7.Nb3 Bb6 8.Be2 Nf6
9.O-O O-O 10.c3 Re8 11.Bg5 h6 12.Bh4 Nc6 13.Re1 g5 14.Bg3 Ne4 15.Nfd4 Qf6
16.Bf3 Bf5 17.Nxf5 Qxf5 18.Nd4 Bxd4 19.cxd4 Nxg3 20.Rxe8+ Rxe8 21.hxg3 h5
22.Qb3 g4 23.Bxd5 Nxd4 24.Qxb7 Ne2+ 25.Kf1 Nxg3+ 26.Kg1 Ne2+ 27.Kf1 g3 28.Bf3
Qc5 {#R} 0-1

[Event "It (open)"]
[Site "masterchessopen.com La Laguna (Spain)"]
[Date "2008.04.27"]
[Round "9"]
[White "Fernandez Romero Ernesto (ESP)"]
[Black "Leon Varela Luis (ESP)"]
[Result "1-0"]
[WhiteElo "2447"]
[BlackElo "2166"]

1.e4 e6 2.d4 d5 3.Nd2 a6 4.Ngf3 c5 5.exd5 exd5 6.dxc5 Bxc5 7.Nb3 Ba7 8.Be2 Nc6
9.O-O Nge7 10.c3 Bg4 11.h3 Bh5 12.Bf4 O-O 13.Qd2 Re8 14.Rad1 Na5 15.Nbd4 Nc4
16.Qc2 Rc8 17.Rfe1 Bg6 18.Bd3 Bxd3 19.Rxd3 Ng6 20.Rxe8+ Qxe8 21.Bg3 Qe4 22.Nd2
Qe1+ 23.Kh2 Qa1 24.Nxc4 dxc4 25.Rf3 Bxd4 26.cxd4 Qe1 27.Rxf7 Qe6 28.Rxb7 Qc6
29.Ra7 {#r} 1-0

[Event "It (open)"]
[Site "masterchessopen.com Dortmund (Germany)"]
[Date "2008.07.01"]
[Round "3"]
[White "Herold Hansjoerg (GER)"]
[Black "Hobusch Alexander (GER)"]
[Result "0-1"]
[WhiteElo "2031"]
[BlackElo "2045"]

1.e4 e6 2.d4 d5 3.Nd2 a6 4.Ngf3 c5 5.exd5 exd5 6.dxc5 Bxc5 7.Nb3 Bb6 8.Be2 Nf6
9.Bg5 Bxf2+ 10.Kxf2 Ne4+ 11.Kg1 Nxg5 12.Qd2 Ne4 13.Qd4 O-O 14.Rd1 Nf6 15.Bd3
Nc6 16.Qc5 Qc7 17.Nbd4 Bg4 18.h3 Bxf3 19.Nxf3 Rac8 20.Bf5 Rcd8 21.h4 Rfe8
22.Rh3 Qf4 23.Bd3 Nb4 24.Qd4 Nxd3 25.Qxd3 Qe3+ 26.Qxe3 Rxe3 27.Ng5 Rxh3
28.Nxh3 Kf8 29.Nf4 Ke7 30.Kf2 h6 31.Ke3 Rc8 32.c3 Kd6 33.Rd3 g5 34.hxg5 hxg5
35.Nh3 Ne4 36.Ng1 f5 37.Ne2 Ke5 38.Nd4 f4+ 39.Kf3 g4+ 40.Ke2 Rh8 41.Rd1 Rh2
42.Kf1 Rh1+ 43.Ke2 Ng3+ 44.Kd2 Rxd1+ 45.Kxd1 Nf5 46.Nc2 Ne3+ 47.Nxe3 fxe3
48.Ke2 Kf4 {#R} 0-1

[Event "It (open)"]
[Site "masterchessopen.com Exeter (England)"]
[Date "2009.03.06"]
[Round "1"]
[White "Page Martin C (ENG)"]
[Black "Dilleigh Steve (ENG)"]
[Result "0-1"]
[WhiteElo "2015"]
[BlackElo "2120"]

1.e4 e6 2.d4 d5 3.Nd2 a6 4.Ngf3 c5 5.exd5 exd5 6.Be2 c4 7.O-O Bd6 8.Re1 Ne7
9.Nf1 Nbc6 10.c3 O-O 11.b3 b5 12.a4 Bb7 13.b4 Ng6 14.Be3 Qc7 15.Qc2 Rae8
16.Ra2 f5 17.Rb1 f4 18.Bc1 Bc8 19.Rbb2 Qe7 20.Qd1 Qf6 21.h3 Nge7 22.N1h2 g5
23.Ne1 Bf5 24.Bf3 Be4 25.Nc2 Rc8 26.Na3 Rb8 27.Ra1 Nf5 28.Nc2 Nh4 29.Rba2
Nxf3+ 30.Nxf3 Qg6 31.Nd2 f3 32.Nxe4 dxe4 33.Ne3 h5 34.axb5 axb5 35.g3 Ne7
36.Nf1 Nd5 37.Qd2 Bf4 38.Qe1 h4 39.g4 Bc7 40.Ne3 Nf4 41.Nf5 Nxh3+ 42.Kh1 Rxf5
43.Qf1 Nxf2+ 44.Qxf2 Rf6 45.Be3 Bg3 46.Qg1 Qe8 47.Bxg5 Rg6 48.Qe3 Qe6 49.Bf4
Qxg4 50.Bxg3 hxg3 {#R} 0-1

[Event "It (open)"]
[Site "masterchessopen.com Pavlodar (Kazakhstan)"]
[Date "2010.12.05"]
[Round "6"]
[White "Egorov Evgeni (KAZ)"]
[Black "Yudin Sergei (RUS)"]
[Result "0-1"]
[WhiteElo "2355"]
[BlackElo "2521"]

1.e4 e6 2.d4 d5 3.Nd2 a6 4.Ngf3 c5 5.exd5 exd5 6.Be2 c4 7.O-O Bd6 8.Re1 Ne7
9.b3 b5 10.a4 c3 11.Nf1 b4 12.Bd3 O-O 13.Ng5 g6 14.Ng3 Nbc6 15.h4 Qc7 16.Qf3
Nxd4 17.Qf6 Nef5 18.Nxf5 Nxf5 19.Bxf5 Bxf5 20.h5 Rae8 21.Be3 Be5 22.Qxa6 d4
23.f4 Bh8 24.Bf2 Qxf4 25.Nf3 d3 26.cxd3 c2 27.Qc4 Qxc4 28.dxc4 Bxa1 29.Rxa1
Rd8 30.Bd4 Be4 31.Rc1 Bxf3 {#R} 0-1